Statistics for Percy Jackson - Quotes

Click here to take the quiz!

General Stats

  • This quiz has been taken 1,527 times
  • The average score is 6 of 9

Answer Stats

Hint Answer % Correct
He looked pretty pleased to me...like he'd spent a nice day torturing heroes.Percy Jackson
90%
Most monsters will vaporize when sliced with a celestial bronze sword. This change is completely normal, and will happen to you right now if you don't BACK OFF!Percy jackson
90%
Hungry!Grover Underwood
69%
Let us find the dam snack bar!Zoe Nightshade
65%
Venti makes them sound like evil espresso drinks.Leo Valdez
64%
Can you surf really well, then?Nico di Angelo
58%
Hey, everybody! These two aren't human! They're half Greek god! . . . They don't seem to care.Rachel Elizabeth Dare
55%
I'm incognito. Call me Fred!Apollo
51%
Go alert! It's the wine dude!Blackjack
39%

Score Distribution

Percentile by Number Answered

Percent of People with Each Score

Your Score History

You have not taken this quiz